Large eddy simulation for incompressible flows : (Record no. 8511)

MARC details
000 -LEADER
fixed length control field 01652cam a22003613a 4500
001 - CONTROL NUMBER
control field 14031874
003 - CONTROL NUMBER IDENTIFIER
control field OSt
005 - DATE AND TIME OF LATEST TRANSACTION
control field 20240617100450.0
008 - FIXED-LENGTH DATA ELEMENTS--GENERAL INFORMATION
fixed length control field 050711s2006 gw a b 001 0 eng d
010 ## - LIBRARY OF CONGRESS CONTROL NUMBER
LC control number 2005930493
020 ## - INTERNATIONAL STANDARD BOOK NUMBER
International Standard Book Number 3540263446 (hd.bd.)
020 ## - INTERNATIONAL STANDARD BOOK NUMBER
International Standard Book Number 9783540263449
035 ## - SYSTEM CONTROL NUMBER
System control number (CStRLIN)PAUGV3964010-B
035 ## - SYSTEM CONTROL NUMBER
System control number (PU)3964010
040 ## - CATALOGING SOURCE
Original cataloging agency OHX
Transcribing agency MUST
Modifying agency BAKER
-- HNK
-- DLC
050 00 - LIBRARY OF CONGRESS CALL NUMBER
Classification number MLCM 2006/40205 (T)
082 ## - DEWEY DECIMAL CLASSIFICATION NUMBER
Classification number 511.326
Item number SAG 2006
100 1# - MAIN ENTRY--PERSONAL NAME
Personal name Sagaut, Pierre,
Dates associated with a name 1967-
9 (RLIN) 17285
245 10 - TITLE STATEMENT
Title Large eddy simulation for incompressible flows :
Remainder of title an introduction /
Statement of responsibility, etc. Pierre Sagaut ; with a foreword by Charles Meneveau.
250 ## - EDITION STATEMENT
Edition statement 3rd ed.
260 ## - PUBLICATION, DISTRIBUTION, ETC. (IMPRINT)
Place of publication, distribution, etc. Berlin ;
-- New York :
Name of publisher, distributor, etc. Springer,
Date of publication, distribution, etc. 2006.
300 ## - PHYSICAL DESCRIPTION
Extent xxix, 556 p. :
Other physical details ill. ;
Dimensions 24 cm.
440 #0 - SERIES STATEMENT/ADDED ENTRY--TITLE
Title Scientific computation,
International Standard Serial Number 1434-8322
9 (RLIN) 17286
504 ## - BIBLIOGRAPHY, ETC. NOTE
Bibliography, etc Includes bibliographical references (p. [513]-551) and index.
650 #0 - SUBJECT ADDED ENTRY--TOPICAL TERM
Topical term or geographic name as entry element Turbulence
General subdivision Mathematical models.
9 (RLIN) 17060
650 #0 - SUBJECT ADDED ENTRY--TOPICAL TERM
Topical term or geographic name as entry element Eddies
General subdivision Mathematical models.
9 (RLIN) 17287
856 42 - ELECTRONIC LOCATION AND ACCESS
Materials specified Publisher description
Uniform Resource Identifier http://www.loc.gov/catdir/enhancements/fy0662/2005930493-d.html
856 41 - ELECTRONIC LOCATION AND ACCESS
Materials specified Table of contents only
Uniform Resource Identifier http://www.loc.gov/catdir/enhancements/fy0824/2005930493-t.html
906 ## - LOCAL DATA ELEMENT F, LDF (RLIN)
a 7
b cbc
c copycat
d 2
e ncip
f 20
g y-gencatlg
942 ## - ADDED ENTRY ELEMENTS (KOHA)
Source of classification or shelving scheme Dewey Decimal Classification
Koha item type Open Shelf
Holdings
Withdrawn status Lost status Source of classification or shelving scheme Damaged status Not for loan Home library Current library Date acquired Source of acquisition Inventory number Total Checkouts Full call number Barcode Date last seen Price effective from Koha item type
    Dewey Decimal Classification     MUST Main Library MUST Main Library 17/06/2024 Purchase 2007/29213   511.326 SAG 2006 2024-20593 17/06/2024 17/06/2024 Open Shelf